| 000 | 005380000a22001810004500 | ||
|---|---|---|---|
| 003 | MACL | ||
| 005 | 20160128151756.0 | ||
| 008 | 160128b xxu||||| |||| 00| 0 eng d | ||
| 040 |
_aMACL _cMACL |
||
| 041 | _aHindi | ||
| 082 | _a540/AGR | ||
| 100 |
_aअग्रवाल ओ. पी _934949 |
||
| 245 | _aआई. आई. टी. रसायन | ||
| 260 |
_bजयप्रकाश नाथ पब्लिकेशन्स _c2002 _aमेरठ |
||
| 350 | _a450 | ||
| 650 |
_aChemistry _934950 |
||
| 942 |
_cHIN _k540 /AGR _2ddc |
||
| 999 |
_c30893 _d30893 |
||